Т. 1: Геометрия и приложения; Избранные труды

Dettagli Bibliografici
Parent link:Избранные труды/ А. Д. Александров. Т. 1: Геометрия и приложения.— , 2006.— 5-02-032427-2
Riassunto:Академик А. Д. Александров (1912-1999) — один из крупнейших геометров XX в. В том 1 включены его статьи по теории смешанных объемов, геометрии «в целом», дифференциальным уравнениям эллиптического типа и основаниям теории относительности, оказавшие существенное влияние на развитие математики и вошедшие в золотой фонд достижений отечественной науки. Книга содержит также библиографию трудов А. Д. Александрова и очерк его жизни и творчества. Издание предназначено для научных работников в области математики и истории науки, аспирантов и студентов старших курсов физико-математических специальностей.
Lingua:russo
Pubblicazione: 2006
Soggetti:
Natura: MixedMaterials Libro
KOHA link:https://koha.lib.tpu.ru/cgi-bin/koha/opac-detail.pl?biblionumber=105330

MARC

LEADER 00000nam2a2200000 4500
001 105330
005 20231101214613.0
010 |a 5020324280 
035 |a (RuTPU)RU\TPU\book\113641 
090 |a 105330 
100 |a 20061115d2006 k y0rusy50 ca 
101 0 |a rus 
102 |a RU 
105 |a y z 001zb 
200 0 |a Т. 1: Геометрия и приложения 
210 |d 2006 
215 |a 748 с. 
320 |a Библиография в конце глав. 
330 |a Академик А. Д. Александров (1912-1999) — один из крупнейших геометров XX в. В том 1 включены его статьи по теории смешанных объемов, геометрии «в целом», дифференциальным уравнениям эллиптического типа и основаниям теории относительности, оказавшие существенное влияние на развитие математики и вошедшие в золотой фонд достижений отечественной науки. Книга содержит также библиографию трудов А. Д. Александрова и очерк его жизни и творчества. Издание предназначено для научных работников в области математики и истории науки, аспирантов и студентов старших курсов физико-математических специальностей. 
461 1 |0 (RuTPU)RU\TPU\book\114417  |y 5-02-032427-2  |t Избранные труды  |f А. Д. Александров  |v Т. 1: Геометрия и приложения  |d 2006 
600 1 |a Александров  |b А. Д.  |c российский математик  |c академик АН СССР  |f 1912-1999  |g Александр Данилович  |2 stltpush  |3 (RuTPU)RU\TPU\pers\13342  |9 3997 
610 1 |a геометрия 
610 1 |a нерегулярные поверхности 
610 1 |a теорема Минковского 
610 1 |a выпуклые тела 
610 1 |a смешанные объемы 
610 1 |a поверхностные функции 
610 1 |a замкнутые поверхности 
610 1 |a теорема единственности 
610 1 |a многогранники 
610 1 |a задачи Дирихле 
610 1 |a принцип максимума 
610 1 |a теория относительности 
675 |a 514  |v 3 
801 1 |a RU  |b 63413507  |c 20061115  |g PSBO 
801 2 |a RU  |b 63413507  |c 20140401  |g PSBO 
942 |c BK